LIBRARY & INFORMATION CENTRE, KCAET, TAVANUR

ONLINE PUBLIC ACCESS CATALOGUE (OPAC)

Ente Poorvakala smaranakal / (Record no. 712)

MARC details
000 -LEADER
fixed length control field 00458cam a2200193ua 4500
041 ## - LANGUAGE CODE
Language code of text/sound track or separate title mal
082 ## - DEWEY DECIMAL CLASSIFICATION NUMBER
Classification number 894.812803
Item number GOP/EN
100 ## - MAIN ENTRY--AUTHOR NAME
Personal name Gopalan, A.K .
245 ## - TITLE STATEMENT
Title Ente Poorvakala smaranakal /
250 ## - EDITION STATEMENT
Edition statement 1 /
260 ## - PUBLICATION, DISTRIBUTION, ETC. (IMPRINT)
Place of publication Thrissur :
Name of publisher Current Books ,
Year of publication 1965.
300 ## - PHYSICAL DESCRIPTION
Number of Pages 432 ; .
942 ## - ADDED ENTRY ELEMENTS (KOHA)
Koha item type Books
Holdings
Withdrawn status Lost status Damaged status Home library Current library Date acquired Full call number Accession Number Koha item type Public note
Withdrawn     KAUAET Malayalam University 07/04/2012 894.812803 10676 Books  
Withdrawn     KAUAET Malayalam University 07/04/2012 894.812803 8487 Books Transferred to Malayalam University
Withdrawn     KAUAET Malayalam University 13/11/2023 894.812803 GOP/EN 8914 Books Transferred to Malayalam University
free website counter